000
00327nam a2200133Ia 4500
008
191201s2010 xx 000 0 und d
100
_a
JAIN,Rahul
245
0
_a
Unconventional manufacturing processes
250
_a
Rep
260
_a
N. delhi
_b
S.K.Kataria
_c
2010
300
_a
172
650
_a
M.Tech (ME)
942
_2
ddc
_c
BK
_0
1
999
_c
5075
_d
5075